000 00615nab a2200205 4500
001 244442
003 OSt
005 20260126135041.0
007 tu
008 260126s2020|||||||
040 _aDE-2950
_cDE-2950
245 0 0 _aMessechef plötzlich verstorben
_bNachruf. Die Frankfurter Messe- und Veranstaltungs GmbH und die Stadt trauern um Geschäftsführer Sven Tietze/
_csam
264 _c2025
653 _aFrankfurt (Oder)
653 _aMuV
653 _aSven Tietze
653 _aNachruf
773 0 _g37. Jahrgang (2026) Nr. 17 vom 21.01.2026 , S. 15 mit Foto
_tMärkische Oderzeitung
942 _2z
_cA
999 _c374217
_d374217